May they be one Bible/ (Record no. 7675)

MARC details
000 -LEADER
fixed length control field 00446nam a22001577a 4500
003 - CONTROL NUMBER IDENTIFIER
control field OSt
005 - DATE AND TIME OF LATEST TRANSACTION
control field 20260122032452.0
008 - FIXED-LENGTH DATA ELEMENTS--GENERAL INFORMATION
fixed length control field 260122b |||||||| |||| 00| 0 eng d
020 ## - INTERNATIONAL STANDARD BOOK NUMBER
International Standard Book Number 9789712909436
040 ## - CATALOGING SOURCE
Original cataloging agency DWC-Main lib
Transcribing agency OC
082 ## - DEWEY DECIMAL CLASSIFICATION NUMBER
Classification number Res. 220.5 M466 1992
245 ## - TITLE STATEMENT
Title May they be one Bible/
260 ## - PUBLICATION, DISTRIBUTION, ETC.
Place of publication, distribution, etc. NY:
Name of publisher, distributor, etc. American Bible societies,
Date of publication, distribution, etc. c1992.
300 ## - PHYSICAL DESCRIPTION
Extent 1727 pages :
Other physical details illustrations ;
Dimensions 21cm.
942 ## - ADDED ENTRY ELEMENTS (KOHA)
Source of classification or shelving scheme Dewey Decimal Classification
Koha item type Book- Reserved
Call number prefix Res.
Suppress in OPAC No
952 ## - LOCATION AND ITEM INFORMATION (KOHA)
--
952 ## - LOCATION AND ITEM INFORMATION (KOHA)
--
952 ## - LOCATION AND ITEM INFORMATION (KOHA)
--
Holdings
Withdrawn status Lost status Source of classification or shelving scheme Damaged status Not for loan Home library Current library Shelving location Date acquired Source of acquisition Total Checkouts Full call number Barcode Date last seen Copy number Price effective from Koha item type Uniform Resource Identifier
    Dewey Decimal Classification     College Library College Library Reserved 02/04/2021 Donation   Res. 220.5 M466 1992 CL52644 01/22/2026 c1 01/22/2026 BK-0 CIRC
    Dewey Decimal Classification     College Library College Library Reserved 02/04/2021 Donation   Res. 220.5 M466 1992 CL52643 01/22/2026 c2 01/22/2026 BK-0 CIRC
    Dewey Decimal Classification     College Library College Library Reserved 08/09/2019 Donation   Res. 220.5 M466 1992 CL52034 01/22/2026 c1 01/22/2026 BK-0 CIRC